000 00477nam a22001937a 4500
999 _c7584
_d7584
003 OSt
005 20220111112553.0
008 220111b ||||| |||| 00| 0 eng d
020 _a0415418127
040 _cDDC
082 _a354.2793 JAC 2007
100 _aJackson, John N.
_915511
245 _aThe Urban Future.
260 _aLondan:
_bRoutledge;
_c2007,
300 _a335p;
_c24cm.
504 _aIncludes Index.
650 _aUrban development.
_94594
942 _2ddc
_cBOOK